| 000 | 00682nam a22002177a 4500 | ||
|---|---|---|---|
| 999 |
_c179924 _d179924 |
||
| 005 | 20210716145327.0 | ||
| 010 | _aENG-129574 | ||
| 020 |
_a978-93-89949-66-7 _c830.00 |
||
| 035 | _aEN-113106 | ||
| 037 | _bDBAD/PUB | ||
| 082 | _a621.31042 | ||
| 100 | _aStephen D. umans | ||
| 245 |
_aElectric machinery/ _cBy Umans, Stephen D. |
||
| 250 | _a7th | ||
| 260 |
_aAlapakkam _bMc Graw Hill _c2020 |
||
| 270 |
_a444/1,Sri Ekambara Naicker Industrial Estate,Alapakkam,Porur _bChennai _e600116 _minfo.india@mheducation.com _k18001035875 |
||
| 300 |
_a706p; _c24cm(PB) |
||
| 490 | _aFitzgerald & kingsleys series | ||
| 700 | _a ) | ||
| 942 |
_2ddc _cEN _h621.31042 _mUMA |
||